|
|
|
|
| LEADER |
00000nam#a22000001ab4500 |
| 001 |
00030931 |
| 003 |
AR-BaUAD |
| 005 |
20230908142156.0 |
| 008 |
060206s2004####ag#aeo|##||||||||#||spa|d |
| 020 |
|
|
|a 9872109249
|
| 040 |
|
|
|a AR-BaUAD
|b spa
|c AR-BaUAD
|
| 041 |
|
|
|a spa
|
| 044 |
|
|
|c ar
|2 ISO3166-1
|
| 100 |
1 |
|
|a Pino, Diego A. del
|
| 245 |
1 |
3 |
|a La antigua Chacarita de los Colegiales
|
| 260 |
|
|
|a Buenos Aires :
|b Instituto Histórico de la Ciudad de Buenos Aires,
|c 2004
|
| 300 |
|
|
|a 93 p. :
|b il., cuadros, dib. byn., gráf., fot. byn., planos, plantas
|
| 490 |
|
|
|a Cuaderno ;
|v 5
|
| 500 |
|
|
|a A manera de epílogo: p. 90.
|
| 500 |
|
|
|a Obras consultadas: p. 91-92.
|
| 500 |
|
|
|a Otras fuentes: p. 92.
|
| 500 |
|
|
|a El autor: p. 93.
|
| 500 |
|
|
|a Indice: al final de la obra.
|
| 653 |
|
|
|a BARRIOS PORTEÑOS
|
| 653 |
|
|
|a URBANISMO
|
| 653 |
|
|
|a HISTORIA
|
| 653 |
|
|
|a DESARROLLO URBANO
|
| 653 |
|
|
|a BUENOS AIRES, CIUDAD
|
| 653 |
|
|
|a CHACARITA
|
| 655 |
|
|
|a TEXTO
|
| 852 |
|
|
|c 83-3
|
| 952 |
|
|
|0 0
|1 0
|4 0
|6 833
|7 0
|9 38429
|a AR-BaUAD
|b AR-BaUAD
|d 0000-00-00
|e donac. Instituto Histórico de la Ciudad de Buenos Aires
|g 18.00
|i 30931
|l 0
|o 83-3
|p uqr4e30931
|r 2023-09-08 14:21:56
|w 2023-09-08
|y BK
|
| 952 |
|
|
|0 0
|1 0
|4 0
|7 0
|9 38430
|a AR-BaUAD
|b AR-BaUAD
|d 2023-09-08
|i 30932
|l 0
|p lvbd630932
|r 2023-09-08 14:21:56
|w 2023-09-08
|y BK
|
| 990 |
|
|
|a Ej. No1 : 30931 . 26/12/2005 -- donac. Instituto Histórico de la Ciudad de Buenos Aires -- (18 pesos).
|b ADM
|
| 990 |
|
|
|a Ej. No2 : 30932 .
|b ADM
|
| 990 |
|
|
|a 13715
|b OS
|
| 990 |
|
|
|a AQ200
|b TD
|
| 990 |
|
|
|a AAQ00030931
|b CC
|
| 998 |
|
|
|a AAQ
|b Bibun 76
|
| 856 |
|
|
|u https://docs.google.com/file/d/0B-pFBlpQt09nVFBuNTdlUEpQMkU/edit?pli=1
|y Texto completo
|
| 942 |
|
|
|c BK
|
| 999 |
|
|
|c 19439
|d 19439
|